000
00299nam a2200121Ia 4500
008
240624s9999 xx 000 0 und d
041
_a
eng
082
_a
330 HAR
100
_a
HARFORD TIM
245
_a
UNDER COVER ECONOMIST
260
_c
2006
_a
New Delhi
_b
Abacus
300
_a
x, : 278 : p. : cm. ; 19
999
_c
28764
_d
28764